=LDR 00000nam 2200000 4500 =001 INLIS000000000019842 =005 20130612114847 =008 ***********************************Ind** =035 ##$$0010-061300000019842 =041 ##$$a Ind =082 ##$$a 828.83 =090 ##$$a 828.83, Mar o =100 ##$$a Martin, Martha =245 ##$$a O Rugged land of gold, Martha Martin =260 ##$$a 1953 $b London =300 ##$$a 253hlm, 31 cm =650 ##$$a Kesusastraan Inggris =850 ##$$a NBPNMAT